MDQL
is popping MORE tags! Check the
thread
!
Quizzes
Events
Quiz Creation
Community
Videos
Private Events
Remove Ads
Sign In
Join for FREE
Feedback
Dark Mode
Quiz Categories
Sports
Geography
Music
Movies
Television
Just For Fun
Miscellaneous
History
Literature
Language
Science
Gaming
Entertainment
Religion
Holiday
For Kids
Quiz Lab
Recent
Popular Today
Quiz Kudos Today
Editor Picks
Curator Picks
Quizzes by...
Day
Popularity
Type
Ratings
Length
Year
Community
Subscriptions
Recent Discussions
Orange Saloon
Badges
Playlists
Quests
Create
Leaderboards
Showdown
Live 5
Trivia Bingo
Activity
Puzzle Library
Sporcle Events
Private Events
Virtual Trivia
Globe League
Become a Host
Pub Owners
SporcleCon
Opinionation
Our Games
Videos
Blog
Mobile Apps
Partnerships
Remove Ads and Go Orange
Feedback
Movies
Disney
Marvel Cinematic Universe
Movie Resume
Movie Titles
Oscar
Actor
Actress
Director
Pixar
Role
Movie Quotes
Movie Characters
Box Office
Nominee
Best Picture
Star Wars
James Bond
Horror Movies
Movies
Disney
Marvel Cinematic Universe
Movie Resume
Movie Titles
Oscar
Actor
Actress
Director
Pixar
Role
Movie Quotes
Movie Characters
Box Office
Nominee
Best Picture
Star Wars
James Bond
Horror Movies
Random Quiz
Search Sporcle
×
Quiz Lab
Quiz Lab
Movies
Actor
Type in answers that appear in a list
Type in answers that appear in a list
Classic
Best Score? Go Orange.
Obscure Movie Villains Stats
Can you name the Movies these obscure villains come from?
By
buskirkthegreat
7m
26 Questions
88 Plays
88 Plays
88 Plays
Comments
Comments
Give Quiz Kudos
Give Quiz Kudos
-
- Ratings
hide this ad
Replay
Link that replays current quiz
Next Quiz
Link to next quiz in quiz playlist
You Got
0%
They Got
Avg Score
31%
Avg Friend Score
Upgrade to see
Score Distribution
Jump to the score distribution portion of the page
Score
0/26
Timer
07:00
0
Plays Today
Character
Movie
% Correct
Dr. Arliss Loveless
Wild Wild West
64.8%
Otto
A Fish Called Wanda
59.1%
Spicer Lovejoy
Titanic
45.5%
Tai Lung
Kung Fu Panda
40.9%
Marty Wolf
Big Fat Liar
39.8%
Dorian Tyrell
The Mask
37.5%
Reese Feldman
Starsky and Hutch
37.5%
Van Pelt
Jumanji
36.4%
Paul Serone
Anaconda
33%
Switchblade Sam
Dennis the Menace
33%
Colin Crisp
Kindergarten Cop
31.8%
Primo Sidone
Analyze This
31.8%
Officer Pete Davis
Unlawful Entry
30.7%
Character
Movie
% Correct
Mr. Feather
Undercover Brother
30.7%
Jerry Dandridge
Fright Night
27.3%
Oliver Lang
Arlington Road
27.3%
Boulder
127 Hours
27.3%
Adam Meiks
Frailty
26.1%
Jay Hamilton
Walking Tall
26.1%
Gil Renard
The Fan
25%
Red Barr
Breakdown
22.7%
Hughie Warriner
Dead Calm
21.6%
Jim Luther Davis
Harsh Times
20.5%
John Stark
The Cowboy Way
17%
George
Head Above Water
17%
Richie Nix
Killshot
17%
Quiz Playlist
Details
Report
Send in Message
Add To Playlist
Classic:
Type in answers that appear in a list
Last Updated: Feb 16, 2017
Quiz Scoreboard
CHALLENGE
Sign Up to Join the Scoreboard
Show All
Scores
Hide
Comments
May contain spoilers
Recently Published
Holiday 10x10 Sorting Gallery
by lukepisani3
Holiday
15m
Two Season TV Shows II
by 123Four
Television
10m
Image Sorting: Flags VI
by Barbecue
Geography
2m
More to Explore
Quiz From the Vault
Featured Blog Post
14 Easter Pick-up Lines to Find Eggs With
hide this ad
You Might Also Like...
Tags
Actor Quiz
Character
obscure
Villains
Today's Top Quizzes in Movies
Browse Movies
hide this ad
Today's Top Quizzes in Actor
Browse Actor
Top Contributed Quizzes in Movies
1
The ultimate James Bond movie quiz
2
Find The 'Big' Movie
3
Find The 'Wild' Movie
4
Find The 'Blue' Movie
5
Movies By Plot
6
Hidden Star Wars Character II
7
25 Best Actor Nominees (1990s)
8
Hidden Star Wars Character III
9
😉 2024 Oscar Nominees by Emoji
10
Hidden Star Wars Character IV
Explore More
Trending Topics
Anime
Kpop
NBA
Disney
Crossword
Harry Potter
Marvel
Puzzle
Song
The Office
Pokémon
Soccer
Country
WWE
NFL
hide this ad
More By:
buskirkthegreat
Quiz
Plays
Rating
Category
Featured
Created
Movies Robert DeNiro Has Died In
315
Movies
Apr 24, 2011
Ray Liotta Movies
245
Movies
May 2, 2011
Movies Willem Dafoe Has Died In
197
4.00
Movies
Apr 23, 2011
Obscure Movie Villains
88
Movies
May 5, 2011
Kurt Russell Movies
64
3.00
Movies
Apr 19, 2011
Go to Creator's Profile
Score Distribution
Quiz Creator Spotlight
buskirkthegreat
Follow
Send a Message
Quizzes Created
-
Created Quiz Play Count
-
More By This Creator
Popular Quizzes Today
1
Find the US States - No Outlines Minefield
2
Colored Red Africa Blitz
3
Find the 'City' Movie
4
The Countries of the World
5
5x2 Blitz: Bands
6
Find the Countries of Europe - No Outlines Minefield
7
Find the US States
8
US States
More Movies Quizzes
Oscar Nominated Performances - 1998
Curator's Pick
Trending Quizzes
Colored Red Europe Blitz I
Colored Red Europe Blitz II
Colored Red Africa Blitz II
Even More Two Season TV Shows
Colored Red Africa Blitz III
Recently Updated
Odd Team Out - Big 4 Players
pecheneg
Quick Pick: 20 Twenties
pecheneg
March Madness Men's Triple Doubles
pecheneg
How Do You Spell That?
pecheneg
Godzilla Movies
pecheneg
Grab Bag: 4-10 Letters
pecheneg
2024 March Madness Bracket
pecheneg
Famous TV Couples
Peacemaker
Champions League XIs: Real Madrid
pecheneg
Largest US Cities 1790-2010
pecheneg
Trending Topics
Kpop
Marvel
Harry Potter
Anime
Disney
NBA
Crossword
Soccer
Puzzle
NFL
The Office
Song
Country
WWE
Pokémon
Your Account Isn't Verified!
In order to create a playlist on Sporcle, you need to verify the email address you used during registration. Go to your
Sporcle Settings
to finish the process.
Report this User
Report this user for behavior that violates our
Community Guidelines
.
Details:
Send Report
Go to the Sporcle.com Mobile Site →
Comments